Central Library and Information Centre
Sibsagar Girls' College, Sivasagar : Assam

DIFFERENTIAL AND INTEGRAL CALCULUS OF FUNCTION OF SEVERAL VARIABLES (Record no. 7718)

MARC details
000 -LEADER
fixed length control field 00475cam a2200181ua 4500
008 - FIXED-LENGTH DATA ELEMENTS--GENERAL INFORMATION
fixed length control field 120723n1995 II |||gr||||Z||||||eng
040 ## - CATALOGING SOURCE
Original cataloging agency MAIN
041 ## - LANGUAGE CODE
-- English
082 ## - DEWEY DECIMAL CLASSIFICATION NUMBER
Classification number 515.3 DES
100 ## - MAIN ENTRY--PERSONAL NAME
Personal name DESHPANDE, S. M.
245 ## - TITLE STATEMENT
Title DIFFERENTIAL AND INTEGRAL CALCULUS OF FUNCTION OF SEVERAL VARIABLES
260 ## - PUBLICATION, DISTRIBUTION, ETC.
Place of publication, distribution, etc. NEW DELHI
Name of publisher, distributor, etc. S.CHAND & COMPANY
Date of publication, distribution, etc. 1995
300 ## - PHYSICAL DESCRIPTION
Extent 1238:
Dimensions 25CM.
700 ## - ADDED ENTRY--PERSONAL NAME
Personal name BHAVE, M. L.
942 ## - ADDED ENTRY ELEMENTS (KOHA)
Koha item type Books
653 ## - INDEX TERM--UNCONTROLLED
Uncontrolled term Differential Calculus
Holdings
Withdrawn status Lost status Damaged status Not for loan Collection code Home library Current library Shelving location Date acquired Full call number Barcode Date last seen Copy number Price effective from Koha item type Public note
        TBMAT Central Library and Information Centre Sibsagar Girls College Central Library and Information Centre Sibsagar Girls College MATHEMATICS BOOK RACK 23.06.1998 515.3 DES 15084 27.02.2020 1 27.02.2020 Books V
        TBMAT Central Library and Information Centre Sibsagar Girls College Central Library and Information Centre Sibsagar Girls College MATHEMATICS BOOK RACK 23.06.1998 515.3 DES 15085 27.02.2020 2 27.02.2020 Books V


Sibsagar Girl's College © 2020. All rights reserved.
Powered by Koha.
Maintained by Abhijit Borpuzari.